Diagnostika oteplenia vybraných svetelnotechnických zariadení : Obhj. 30.3.2006. č.ved. odb. 39-01-9

Saved in:
Bibliographic Details
Main Author: Fric, Róbert, 1978- (Author)
Other Authors: Murín, Ján (Thesis advisor)
Format: Manuscript Book
Language:Slovak
Published: Bratislava : STU v Bratislave FEI, 2005
Subjects:
Tags: Add Tag
No Tags, Be the first to tag this record!

MARC

LEADER 00000ntm a22000003a 4500
001 stu116990
005 20150617225843.0
008 060428s2005----xo------------------slo-d
040 |a STU  |b slo 
041 0 |a slo 
044 |a xo 
080 |a 628.9 
100 1 |a Fric, Róbert,  |d 1978-  |4 aut  |u E020  |U FEI Fakulta elektrotechniky a informatiky  |T FEI Ústav elektroenergetiky a aplikovanej elektrotechniky  |X 3676  |U E020  |Y 548  |7 A000003676 
245 1 |a Diagnostika oteplenia vybraných svetelnotechnických zariadení :  |b Obhj. 30.3.2006. č.ved. odb. 39-01-9 
260 |a Bratislava :  |b STU v Bratislave FEI,  |c 2005 
300 |a 144 s 
650 7 |a aplikovaná mechanika  |2 stusub 
650 7 |a svetelná technika  |2 stusub 
700 1 |a Murín, Ján  |4 ths 
996 |b 284ED01112  |c E*PGŠ-922  |l EE01  |s A  |a 24  |w stu116990_0001